[Event "ROM-ch"]
[Site "Iasi"]
[Date "1999.12.15"]
[Round "3"]
[White "Dumitrache, Dragos Nicolae"]
[Black "Parligras, Mircea Emilian"]
[Result "1/2-1/2"]
[WhiteElo "2439"]
[BlackElo "2377"]
[Annotator "Wells,P"]
[PlyCount "154"]
[EventDate "1999.12.13"]
[EventType "tourn"]
[EventRounds "15"]
[EventCountry "ROU"]
[EventCategory "9"]
[SourceTitle "CBM 075"]
[Source "ChessBase"]
[SourceDate "2000.04.05"]
[SourceVersion "1"]
[SourceVersionDate "2000.04.05"]
[SourceQuality "1"]

1. d4 Nf6 2. c4 e6 3. Nc3 Bb4 4. e3 c5 5. Nge2 b6 6. a3 Ba5 7. Rb1 Na6 {
[%csl Ra5,Ra6,Re2,Rf1] This move is now just about universally recognised as
the best in the position, which is of great importance for the 'Psakhis'
Nimzo-Indian. Although I have defended the black side, I have never fully
trusted the black position with its two sub-optimal minor pieces. Still, there
is compensation in the form of white's slight king-side development log-jam
and theoretically, at least in the 7 Rb1 version, black's chances are as
healthy as ever.} 8. Qa4 $5 {[%csl Ra5][%cal Yb2b4] This move of course
carries the 'crude' threat of b4, and it is precisely because this can be
parried without inconvenience in the short-run that perhaps the move has been
treated less seriously than it merits. First a quick overview of the key
theoretical developments here:} (8. Bd2 {Has long been a 'main line' but now
looks reasonably safe for black} O-O 9. Ng3 (9. d5 {is best met with the
flexible} d6 $1 10. Ng3 (10. f3 {is interesting} Bxc3 11. Nxc3 exd5 12. cxd5
Nh5 $5 13. g3 f5 14. Bd3 Nc7 15. O-O Nf6 16. Qc2 Qd7 17. e4 fxe4 18. fxe4 Ba6
19. Bxa6 Nxa6 $13 {[%csl Gg4][%cal Yb2b4,Gf6g4] 0-1 Sosnicki,M-Volzhin,A/
Koszalin 1998/EXP 65 (42) white can play a little on the queenside, and d6
requires attention, but so does white's king-side looseness. Black's knight
has a nice square on g4.}) 10... Bxc3 ({or} 10... exd5 11. Nxd5 Nxd5 12. cxd5
Bxd2+ 13. Qxd2 Nc7 14. Be2 Bd7 15. O-O Qg5 16. Rbd1 f5 17. f4 Qe7 $13 {0-1
Jelen,I-Grosar,A/Maribor Pirc 1994/CBM 40 (46)}) 11. Bxc3 exd5 12. cxd5 Nc7 13.
e4 Re8 {[%cal Gf6e4,Gc7d5,Ye8e1]} 14. Bxf6 Qxf6 15. Be2 Bd7 16. O-O Bb5 $1 {
[%cal Gc7b5,Gb5d4]} 17. Bxb5 Nxb5 18. Qd3 Nd4 19. Rbe1 {[%cal Ye4e5]} Rac8 20.
f4 Qg6 21. Re3 f6 {[%csl Ye5]} 22. Ne2 Nxe2+ {1/2-1/2 Lautier,J-Romanishin,O/
Polanica Zdroj 1991/CBM 26 (22)}) 9... Bb7 10. Bd3 d5 $1 {The modern way. I am
not so sure that} (10... cxd4 11. exd4 Bxc3 12. bxc3 d5 13. c5 Nb8 14. Bg5 Nbd7
{1/2-1/2 Knaak,R-Gabriel,C/Altensteig 1993/CBM 37 (51) is so bad either, but
there seems to be no need to allow it.}) (10... Bxg2 $2 {[%cal Yh1g1,Yg3h5] is
simply too risky with ...0-0 already in place.}) 11. cxd5 cxd4 12. exd4 {
[%cal Yb2b4]} Bxc3 $8 13. bxc3 Qxd5 14. Qe2 (14. f3 e5 $5 $132) 14... Nb8 $5
15. f3 Qa2 $1 {Without this move, white could legitimately claim an edge. As
it is, black will simply grab a pawn, and white has been quite unable to show
more than 'just sufficient' compensation.} 16. Ne4 ({Better than} 16. O-O $6
Qxa3 17. Ne4 Nxe4 18. fxe4 e5 $1 19. Rf5 exd4 20. cxd4 Nc6 21. Be3 Nb4 $17 {
0-1 Lomineishvili,M-Bagaturov,G/Schwaebisch Gmuend 1998/EXP 62 (51)}) 16...
Nxe4 17. fxe4 Ba6 $1 {A key move. Black first deals with the undoubted threat
which the bishop pair could pose on the king-side. The a pawn can wait.} 18.
O-O Bxd3 19. Qxd3 Qxa3 20. Qg3 f6 $1 21. Bf4 e5 22. dxe5 Qc5+ 23. Kh1 {1/2-1/2
Shulman,Y-Marin,M/Goteborg 1999/CBM 69_07 (23) white has nothing after 23...
Nc6 for example. In fact, black's entire idea was first played by Psakhis in
1992. The ball is firmly in white's court here.}) (8. Ng3 $5 Bb7 9. Bd3 (9. f3
O-O 10. Bd2 d5 $1 11. cxd5 cxd4 12. exd4 Bxc3 13. bxc3 Qxd5 {also looks OK for
black.} 14. Bd3 (14. Be2 {transposes to a known position:} Nb8 15. O-O Nc6 16.
Bd3 Qd6 17. Bg5 Nd5 18. Ne4 Qc7 19. Qe1 Nce7 20. Bd2 Nf4 {Beliavsky - Sax,
Hungary tt 1997/ 0-1(49).}) 14... e5 $5 15. Rb5 $140 Nc5) 9... Bxc3+ ({The
alternative attempt to 'mix it'} 9... h5 $5 10. d5 exd5 11. Nf5 Qb8 {is
hideously complicated, but in my view unacceptably risky for black.}) 10. bxc3
Bxg2 $1 {Now, without castling, this is the critical response to white's
attempt to accelerate his mobilisation.} 11. Rg1 Bb7 12. e4 d6 13. Nh5 Nxh5 14.
Qxh5 Qf6 15. Rg3 e5 16. d5 h6 (16... Nb8 $5 {[%cal Gb8d7] -Korchnoi.}) 17. a4 (
17. Bg5 $1 Qg6 18. Qxg6 fxg6 19. Be3 {[%cal Ye1d2,Yb1g1] would have given
white sufficient compensation. This would seem to emphasise that the knight
should have been brought back into the play at the earliest opportunity.})
17... g6 18. Qd1 Bc8 19. a5 Qd8 20. Kf1 Nb8 21. Qa4+ Qd7 22. Qa2 bxa5 23. Qxa5
Qd8 24. Qa4+ Kf8 $15 {1-0 Korchnoi,V-Timman,J/Ubeda 1997/Inf 69 (36)}) (8. f3
$5 {has recently been popular and opens a whole new fascinating set of
possibilities.} O-O $5 (8... Bb7 9. e4 O-O 10. d5 exd5 11. cxd5 Re8 12. g3 $6 (
12. Kf2 $5 {a la Alexandrov looks stronger here.} c4 13. Ng3 b5 14. Nf5 $14)
12... b5 13. Bg2 b4 14. axb4 Nxb4 15. O-O Ba6 16. g4 d6 17. Bg5 Bd3 18. Ra1 Bb6
19. Kh1 c4 {[%csl Yb4,Yb6,Yd3]} 20. Qd2 {1/2-1/2 Shulman,Y-Nisipeanu,L/Erevan
1996/EXT 97 (20) Black's minor pieces have been transformed!}) 9. d5 exd5 (9...
Re8 10. Kf2 exd5 11. cxd5 d6 12. Ng3 Bxc3 13. bxc3 Nc7 14. c4 b5 15. e4 bxc4
16. Bxc4 Nd7 17. Be2 $16 {1-0 Aleksandrov,A-Serper,G/New York 1998/CBM 64/(59).
}) (9... d6 10. e4 exd5 11. cxd5 Nh5 12. g4 Qh4+ 13. Kd2 Nf6 14. Qe1 Qxe1+ 15.
Kxe1 Nd7 16. Kf2 Ne5 17. Nb5 Rd8 18. Ng3 $14 {[%csl Ra5,Yb5,Yg3][%cal Yg3f5] 1/
2-1/2 Aleksandrov,A-Romanishin,O/Nikolaev zt 1995/CBM 47 (83) The manouevre
with Kd2 and Qe1 to reach a favourable ending is very reminiscent of some such
lines arising from the once fashionable 4f3 Nimzo. White's knights have taken
up very annoying postings, and the pawn structure on the king-side gives white
a lot of space.}) 10. cxd5 b5 11. e4 Re8 $1 ({The immediate} 11... b4 $6 {
brings nothing after} 12. axb4 Nxb4 (12... cxb4 13. Nb5 $5) 13. Ng3 Re8 14. Be2
$14) 12. Ng3 ({Is it possible that} 12. Kf2 {should be considered here too?
After} b4 13. Nb5 $1 Qb6 14. Ng3 {the position is obscure and very interesting}
) 12... b4 13. axb4 cxb4 14. Nb5 b3+ 15. Kf2 Bb6+ 16. Be3 Bxe3+ 17. Kxe3 {
Even Steinitz would have found this a bit much.} Nb4 (17... Qb6+ $5 {[%cal
Gd1d4,Gf6d5] is also dangerous.}) 18. Bc4 Qb6+ 19. Ke2 Ba6 20. Qxb3 Nfxd5 {
0-1 Oms Pallise,J-Del Rio Angelis,S/Santa Clara 1999/CBM 70 ext (20)}) (8. g3
Bb7 9. d5 b5 $132) 8... Bb7 ({Strangely, black has actually preferred} 8... Qe7
{in a majority of games, which, while no means a bad or ugly development, is
not strictly necessary until after 9 Bd2.} 9. dxc5 (9. Bd2 Bb7 {leads to 9...
Qe7 below - I do not see any positive independent significance for black in
giving white this extra dxc5 possibility.}) 9... Nxc5 (9... Bxc3+ 10. Nxc3 bxc5
$5 {worked out well for black, but looks a bit loose, and since Knaak himself
gave '8...Bb7!' we can assume he was not totally convinced either!} 11. Be2 Bb7
12. f3 O-O 13. b4 d6 14. O-O Nd7 15. Qc2 f5 16. Bd2 Nc7 17. Na4 Bc6 18. Rfd1 $6
(18. b5 $1 $13) 18... e5 19. b5 Bb7 20. b6 Ne6 21. bxa7 Rxa7 $15 {1-0
Schumacher,O-Knaak,R/Bremen 1998/CBM 68 (45)}) 10. Qc2 Bxc3+ 11. Nxc3 d6 (11...
Bb7 12. b4 Nce4 13. Nb5 $1 $16 {[%cal Yb5c7,Yf2f3,Ye3e4] is, I think, Dzhan})
12. b4 Ncd7 13. e4 Bb7 14. Be2 O-O 15. O-O (15. Bg5 $5 {-Dzhanghava.}) 15...
Rac8 16. Bf4 Ne5 17. Rfd1 Rfd8 18. Bxe5 dxe5 19. Rxd8+ Rxd8 20. f3 Nd7 $11 {
1/2-1/2 Karasev,V-Dzhandzhava,L/Novosibirsk 1989 (47)}) 9. Bd2 $1 {This is the
point. White renews the threat, and this time claims that it cannot be parried
in the context of such a smooth mobilisation of black's forces.} ({It is by
now known that} 9. b4 $2 {is very well met by} Bc6 $1 10. b5 (10. Nb5 cxb4 11.
axb4 Nxb4 12. Rxb4 a6 $17) 10... Be4 {[%cal Ga5e1,Ge4b1] and black's pieces
are motoring.}) 9... Bc6 $6 {Natural enough but perhaps misguided since white
will always be able to cause trouble in turn by attacking this bishop with the
d5 advance. Now it really would be preferable to put the queen on e7.} (9...
Qe7 10. Ng3 Bxc3 $6 (10... O-O $1 {is clearly preferable. Lautier gives the
imprssion of having thought deeply about the whole ...c5 and ...b6 system, and
to having reached rather sceptical conclusions about it, and for this reason
it would be interesting what he has in mind here. In fact this set of
profoundly logical moves has been ventured only once, and there white chose}
11. d5 $5 Bxc3 (11... exd5 12. cxd5 $14 {[%csl Ra5,Ra6][%cal Yf1a6,Yb2b4]}) 12.
Bxc3 Nc7 13. Bd3 (13. Bxf6 Qxf6 $5 14. Qxd7 Rac8 $44) 13... b5 (13... d6 $5 $13
) 14. Qa5 d6 15. b3 (15. Bxf6 $5 gxf6 16. dxe6 fxe6 17. cxb5 $14) 15... exd5
16. Nf5 $44 {0-1 Heinimaki,L-Taivainen,J/Tampere 1997/EXT 99 (34)}) 11. Bxc3
cxd4 12. exd4 O-O 13. Bd3 Nc7 14. O-O b5 $5 15. cxb5 Ncd5 16. Bd2 Qd6 17. Rfc1
h5 18. Qb3 Rfb8 19. Bg5 $16 {1-0 Lautier,J-Beliavsky,A/Belgrade 1997/CBM 62 
(35)}) 10. Qc2 O-O 11. Nf4 $6 {This looks questionable. The knight belongs on
g3 EXPLOITING the d5 advance rather than FORCING it. The advance has every
hope of being effected anyway, and white should position to make it as
unpleasant as possible.} (11. Ng3 $1 {[%csl Rd6,Yf5,Rg7][%cal Yd4d5,Ge6d5,
Gg3f5]} Qc8 $6 (11... cxd4 12. exd4 Bxc3 13. bxc3 $5 (13. Bxc3 Nc7 $14) 13...
Nb8 14. Bd3 d6 15. O-O Nbd7 16. Rfe1 Qc7 17. Bf4 e5 18. Bg5 $36 {1-0
Berezovsky,I-Jurek,J/Wuert 1998/EXT 99 (37)}) 12. d5 $1 Bb7 (12... exd5 13. Nf5
Qd8 14. cxd5 $16 {[%csl Ra6][%cal Gf1a6]}) 13. e4 Ne8 14. Bd3 f5 $5 15. O-O f4
16. e5 $1 g6 17. Bxg6 hxg6 18. Qxg6+ Kh8 19. Qh6+ Kg8 20. Qg6+ Kh8 21. Nce4 Qd8
22. Qh6+ Kg8 23. Bxf4 Qe7 24. b4 cxb4 25. Nh5 Nc5 26. Nef6+ Nxf6 27. Nxf6+ Rxf6
28. exf6 Qh7 29. axb4 $18 {1-0 Shaked,T-Gyimesi,Z/Zagan 1997/EXP 59 (52)})
11... d6 12. d5 Bd7 13. Bd3 Re8 14. dxe6 fxe6 15. O-O Bc6 16. Rfd1 Qe7 17. Ne4
Bxe4 18. Bxe4 Nxe4 19. Qxe4 (19. Bxa5 Nxf2 $1 $13) 19... Bxd2 20. Rxd2 Rad8 21.
Rbd1 Rd7 22. h3 Nb8 $14 {Even here, the play revolves around white's pressure
against the 'hanging' 'e' and 'd' pawns, and black's perspective is very much
defensive.} 23. Rd3 Na6 24. R1d2 Nb8 25. b4 cxb4 26. axb4 Na6 27. Rb3 Rc7 28.
Rd1 Rd7 29. Ra1 Nb8 30. Rd3 b5 $5 {At first glance this might look like
impatience, but in fact it wins a lot of squares,( notably c4 itself! ) and
yields good 'defensive compensation' for the pawn.} 31. cxb5 d5 32. Qe5 Rb7 33.
Rda3 Nd7 34. Qd4 Nb6 35. Qc5 Qf7 36. Nd3 e5 37. Qc3 Nc4 {[%csl Gc4]} 38. Ra6 h6
39. Nc5 Rbe7 40. Qc2 Rb8 41. Rc6 e4 42. Qa4 Rf8 43. Qa2 Re5 44. Ra6 Re7 45. Qe2
Rb8 46. Qa2 Rxb5 47. Rxa7 Rxa7 48. Qxa7 Rxb4 49. Qxf7+ Kxf7 50. Ra7+ Kf6 51.
Ra6+ Kf7 52. Ra7+ Kf6 53. Rd7 $14 {[%csl Rd5]} Nd2 54. h4 Rb1+ 55. Kh2 Nf1+ $6
{The defence starts to look a little loose.} (55... Rd1 $5) 56. Kh3 Rb2 57.
Rxd5 Rxf2 58. Nxe4+ Ke6 59. Rd6+ Ke5 60. Nxf2 Kxd6 61. Nd1 Ke5 62. Kg4 Ke4 63.
h5 Nd2 64. Nc3+ Ke5 65. g3 Nc4 66. Kf3 Nd6 67. Nd1 Ne4 68. Nf2 Ng5+ 69. Ke2 Nh7
70. g4 Nf8 71. Kf3 g6 72. Nd3+ Kf6 73. Ke4 gxh5 74. gxh5 Kg5 75. Nf4 Nd7 $11
76. Kd5 Nf6+ 77. Ke6 Ng4 1/2-1/2

[Event "POL-ch 57th"]
[Site "Plock"]
[Date "2000.05.29"]
[Round "2"]
[White "Czerwonski, Aleksander"]
[Black "Hnydiuk, Aleksander"]
[Result "1/2-1/2"]
[WhiteElo "2414"]
[BlackElo "2352"]
[Annotator "Wells,P"]
[PlyCount "44"]
[EventDate "2000.04.28"]
[EventType "tourn"]
[EventRounds "13"]
[EventCountry "POL"]
[EventCategory "10"]
[SourceTitle "CBM 078"]
[Source "ChessBase"]
[SourceDate "2000.10.18"]
[SourceVersion "1"]
[SourceVersionDate "2000.10.18"]
[SourceQuality "1"]

1. d4 Nf6 2. c4 e6 3. Nc3 Bb4 4. e3 c5 5. Nge2 cxd4 6. exd4 O-O 7. c5 $5 d6 {
This is looking like the main line of this refreshingly original variation.
Wells: Kortschnoj: 'The other possibility,worth trying, is'} (7... Ne4 $5 8.
Qc2 {White's problem is that in the lines where black has played ...d5, the ...
Ne4 idea is generally met with Bd2, whereas such a donation of the bishop pair
would look rather absurd when black can still keep the centre fluid with a ...
d6 based approach. Having to play Qc2 weakens the d-pawn, and I have to say, 7.
..Ne4 looks a viable way to create counterchances too.} (8. g3 $6 b6 $5 9. Bg2
Bb7 10. O-O Nxc3 11. bxc3 Bxg2 12. Kxg2 Ba5 13. cxb6 Qxb6 $15) (8. a3) 8... d5
9. a3 Bxc3+ 10. Nxc3 Nc6 11. Be3 e5 $1 12. Nxe4 Bf5 {[%csl Rc2]} 13. dxe5 Bxe4
14. Qa4 d4 15. Rd1 Qd5 16. Bxd4 Bc2 17. Qxc2 Nxd4 18. Qc4 Qxe5+ 19. Be2 Rad8
20. Kf1 Nxe2 21. Rxd8 Rxd8 22. Qxe2 Qd5 23. h4 Qd1+ 24. Qe1 Qc2 25. Rh3 Rd1 {
0-1 Shulman,Y-Stocek,J/Ostrava 1999 (25)}) (7... d5 $6 {transposes to the line
6...d5 7 c5 where castling is not black's most active choice. White was better
after} 8. a3 Bxc3+ 9. Nxc3 a5 10. Bf4 Bd7 11. Bd3 a4 12. O-O Bc6 13. Bd6 Re8
14. Nb5 Na6 15. Bf4 b6 16. Nd6 Rf8 17. Bxa6 $5 Rxa6 18. Bg5 {[%cal Yg5d8]} bxc5
19. dxc5 h6 20. Bh4 g5 21. Bg3 Ne4 22. Nxe4 dxe4 23. Bd6 {[%csl Ra6,Gd6,Rf6,
Rg7,Rh6] 1-0 Sherbakov,R-Ivanov,T/Moscow 1999/CBM 70 (38). White's bishop on
d6 exerts a very cramping effect, and the opposite coloured bishops merely
help in building an attack on black's weakened king-side.}) 8. a3 Bxc3+ 9. Nxc3
Nc6 $5 {[%mdl 8] A new idea. Black wishes to demonstrate that the slight
weakness of d4 ( a recurring theme in the variation ) persists even once white
no longer has his d-pawn on this square. The full idea unfolds logically in
the next few moves, while the crucial test may come as late as move 18.} ({
I am not particularly pessimistic about black's chances after either of the
alternatives:} 9... Qe7 10. Bg5 dxc5 11. Ne4 Nbd7 12. dxc5 Rd8 $6 (12... h6 $1
13. Bxf6 (13. Bh4 $2 g5 14. Nxf6+ Qxf6 $15) (13. Nxf6+ Nxf6 14. Bh4 Qxc5 15.
Bxf6 gxf6 16. Qd2 Kg7 $15) 13... Nxf6 14. Qd6 Qxd6 15. Nxd6 $14 {-Kortchnoi.
My feeling was ( and is ) that this knight can be too easily undermined for
white to enjoy a real plus.} Rd8 16. Rd1 (16. O-O-O b6 $1) 16... b6 17. cxb6 (
17. b4 bxc5 18. bxc5 Rb8 $132) (17. Nxc8 Rxd1+ 18. Kxd1 Rxc8 19. cxb6 Ng4)
17... axb6 18. Be2 Kf8 $11 {Wells.}) 13. Qf3 $1 h6 14. Bh4 g5 15. Nxg5 $1 hxg5
16. Bxg5 {[%csl Rd7][%cal Rd7f6,Gf1b5,Gb5d7,Ga1d1,Gd1d7,Yg5d8]} Qxc5 (16... Kg7
17. Rd1 Rg8 18. Qg3 Qd8 19. Rd4 $40) 17. Bxf6 Nxf6 18. Qxf6 Rd5 {1-0 Sherbakov,
R-Stohl,I/Koszalin 1999/CBM 73/[Wells] (41)  with some, but insufficient
compensation for a pawn in}) (9... dxc5 $5 10. dxc5 Qxd1+ 11. Nxd1 (11. Kxd1
Rd8+ 12. Kc2 Nc6 13. Be3 e5 14. Bd3 Be6 $5 $132 {[%csl Rc2][%cal Gc6d4] I
still believe that black's activity here provides reasonable value for white's
bishop pair. It is yet to be determined whether white's queen-side majority
will be an asset or tough to defend.}) 11... a5 $5 {[%csl Rc5]} (11... Nbd7 12.
b4 a5 13. Bb2 $14) 12. Nc3 $5 (12. Bd2 Nc6 $5 {[%cal Yc6d4]}) 12... Bd7 $5 {
[%cal Yd7c6,Yb8d7,Yb8a6]} 13. Be3 Bc6 $5 $132 {[%csl Yc6][%cal Gb8d7] Wells.})
10. Bg5 (10. cxd6 Qxd6 11. Be3 Rd8 $15 {[%csl Rd4]}) (10. Be3 dxc5 11. dxc5 Nd5
$5 $132) 10... h6 11. Bh4 dxc5 12. dxc5 Qd4 13. Qxd4 (13. Bg3 e5) 13... Nxd4 {
[%csl Rc5,Gd4][%cal Gd4b3] This knight is the key to black's idea. He hopes
again to prove that c5 is weak.} 14. Rd1 Nb3 15. Bxf6 $1 (15. Bg3 Bd7 $15 {
[%csl Rc5][%cal Gf8c8]}) 15... gxf6 16. Ne4 f5 (16... Kg7 $6 17. Bc4 (17. Rd3
f5 18. Rg3+ Kh8 19. Rxb3 fxe4) 17... Na5 18. Ba2 $1 $16 {[%csl Ya2,Ra5,Ye4]
[%cal Yb2b4]} (18. Bb5 $6 f5 19. Nd6 Nb3 $1 $132 {[%csl Rc5]})) 17. Bc4 Na5 18.
Nd6 {Looks an unlikely try for advantage. Black can simultaneously open the
position and exchange his knight for white's bishop, after which it is no
surprise that the white king in the centre also becomes a source of mild
embarrassment. I am sufficiently impressed by the moves up to now to suggest
that} (18. Nf6+ $1 {may be still of theoretical importance. White can check
black's king right up the board to secure his piece, and the resulting
position looks not too easy for the defence:} Kg7 19. Nh5+ Kg6 20. Nf4+ Kg5 21.
Nh3+ Kf6 22. Ba2 e5 23. b4 Nc6 24. f4 $5 $14) 18... b6 $1 (18... Nxc4 $6 19.
Nxc4 b6 20. c6 $14) 19. cxb6 Nxc4 20. Nxc4 Ba6 {[%csl Re1][%cal Ga6e2]} 21. Ne5
(21. b3 Bxc4 22. b7 Rab8 23. bxc4 Rxb7 $15 {[%csl Ra3,Rc4]} 24. a4) 21... axb6
22. Nd7 Rfc8 (22... Rfc8 23. Nxb6 Rc2 24. Nxa8 (24. Rd2 Rc1+ 25. Rd1 Rc2 $11)
24... Re2+ 25. Kf1 Rd2+ 26. Ke1 Re2+ $11) 1/2-1/2